000 02168nam a2200277Ia 4500
999 _c51592
_d51592
001 18583
003 GE_BSU
005 20250127105842.0
008 181216s2016||||ge |||||||||||||| ||geo||
020 _a9789941462320
040 _cGE_BSU
041 _ageo
080 _a634.32(479.22)+502.35(479.22) ბ-25
100 _aბარათაშვილი, დავით.
_91718
245 _aნარინჯოვანთა ბიოლოგიური მრავალფეროვნება და გენეტიკური რესურსები საქართველოში /
_cდავით ბარათაშვილი, ნელი ხალვაში, რედ. ვ. ქობალია
264 _aბათუმი:
_bშოთა რუსთაველის უნიტის გამ-ბა,
_c2016.
300 _a406 გვ.:
_b20 სმ.
504 _aბიბლიოგრ.: გვ. 384-406
653 _aბუნება,სოფლის მეურნეობა,მებაღეობა.
653 _aმონოგრაფიაში განხილულია საქართველოში არსებული ნარინჯოვანთა გენეტიკური კოლექციების დღევანდელი მდგომარეობა.მონოფრაფია დიდ დახმარებას გაუწევს მეციტრუსეობის დარგით დაინტერესებულ მკვლევარებს.
653 _aნარინჯოვანთა ბიოლოგიური მრავალფეროვნება და გენეტიკური რესურსები საქართველოში
700 _a ხალვაში, ნელი
_924119
700 _aქობალია, ვ
_eრედაქტორი
_916986
710 _aბათუმის შოთა რუსთაველის სახელმწიფო უნივერსიტეტი
_924120
942 _cBK
_2udc